Finite element analysis of reinforced concrete structures / (Record no. 546662)

000 -LEADER
fixed length control field 00813cam a22002054a 4500
020 ## - INTERNATIONAL STANDARD BOOK NUMBER
International Standard Book Number 087031064X
082 00 - DEWEY DECIMAL CLASSIFICATION NUMBER
Classification number 624.171
Author Mark WIL
-- N-01, P-89
245 00 - TITLE STATEMENT
Title Finite element analysis of reinforced concrete structures /
Statement of responsibility, etc. editors, Kaspar Willam, Tada-aki Tanabe.
260 ## - PUBLICATION, DISTRIBUTION, ETC.
Place of publication, distribution, etc. Farmington Hills, Mich. :
Name of publisher, distributor, etc. ACI International,
Date of publication, distribution, etc. c2001.
300 ## - PHYSICAL DESCRIPTION
Extent viii, 399 p. :
Other physical details ill. ;
Dimensions 23 cm.
500 ## - GENERAL NOTE
General note Papers in honor of Alexander C. Scordelis, presented at the ACI Fall 2000 Convention, Toronto.
526 ## - STUDY PROGRAM INFORMATION NOTE
Program name 0
Interest level 0
Reading level 0
Title point value 624_171000000000000_WIL
650 #0 - SUBJECT ADDED ENTRY--TOPICAL TERM
Topical term or geographic name entry element Finite element method
9 (RLIN) 1938
650 #0 - SUBJECT ADDED ENTRY--TOPICAL TERM
Topical term or geographic name entry element Reinforced concrete construction
700 1# - ADDED ENTRY--PERSONAL NAME
Personal name Scordelis, Alex C.
9 (RLIN) 42848
700 1# - ADDED ENTRY--PERSONAL NAME
Personal name Tanabe, Tada-aki.
9 (RLIN) 42849
700 1# - ADDED ENTRY--PERSONAL NAME
Personal name Willam, Kaspar J.
9 (RLIN) 42850
710 2# - ADDED ENTRY--CORPORATE NAME
Corporate name or jurisdiction name as entry element American Concrete Institute.
9 (RLIN) 37057
942 ## - ADDED ENTRY ELEMENTS (KOHA)
Source of classification or shelving scheme
Koha item type Book
Holdings
Withdrawn status Lost status Source of classification or shelving scheme Damaged status Not for loan Permanent Location Current Location Date acquired Total Checkouts Full call number Barcode Date last seen Price effective from Koha item type
          Military College of Engineering (MCE) Military College of Engineering (MCE) 06/17/2014   624.171 WIL MCE-36471 06/17/2014 06/17/2014 Book
© 2023 Central Library, National University of Sciences and Technology. All Rights Reserved.